000 00439nam a2200133 4500
999 _c13287
_d13287
008 190226b ||||| |||| 00| 0 eng d
082 _aDPer 050 T48 Apr-June 2016 v. 187, n. 12-24.
100 _937172
_aZoglin, Richard.
245 _aThe biggest new sounds on broadway/
_cRichard Zoglin.
260 _aHong Kong:
_bTime Asia,
_cc2016.
300 _av187 n15, page 43:
_billustrations;
_c27 cm.
650 _aMusic.
_937173
942 _2ddc
_cPER